000 00481cam a2200157ua 4500
003 OSt
008 250415b |||||||| |||| 00| 0 eng d
041 _aeng
082 _a624.151
_bHUM/FO
100 _aHammond , Rolt .
_97421
245 _aFoundations and soil properties: A practical guide to the methods of improving the physical properties of ground to increase its strength /
250 _a1 /
260 _aLondon :
_bMcDonald ,
_c1961.
300 _a181 ; .
942 _cBK
999 _c8817
_d8817